000 00661nam a2200205 a 4500
005 20240910063926.0
008 090619s2006 es r 000 0 spa d
020 _a8426361579
035 _aUPN01000171289
049 _aI
050 4 _aPZ35
_bN2.2
100 1 _aNahrgang, Frauke,
_d1951-
_931810
245 1 3 _aUn balón con efecto /
_cFrauke Nahrgang ; il. Betina Gotzen-Beek ; tr. Cristina Rodríguez Aguilar.
260 _aZaragoza, Esp. :
_bEdelvives,
_c2006.
300 _a131 p. :
_bil.
440 0 _aLocos por el fútbol ;
_v5
534 _pTítulo original:
_tTorschuss mit folgen
650 4 _aCuentos infantiles alemanes
_98589
905 _aInfantil
999 _c143394
_d143394